000 02097cam a22005054i 4500
003 PE-LiUPU
005 20250731165627.0
008 150616s r 000 0 d
020 _a8470573055
035 _a(Sirsi) i9788470573057
040 _aPE-LiUPU
_bspa
_cPE-LiUPU
_erda
049 _aPRUA
082 0 4 _a230.3
_bB23
_221
100 1 _aBarbaglio, G.,
_eautor.
245 1 0 _aNuevo Diccionario de Teología :
_bA - Mar.
264 1 _aMadrid :
_bEdiciones Cristiandad,
_c1982.
300 _a1021 páginas ;
_c22 centímetros
336 _atext
_2rdacontent
337 _aunmediated
_2rdamedia
338 _avolume
_2rdacarrier
505 0 _aAntigüo testamento -- Antropología -- Ateísmo -- Carismas -- Cristocentrismo -- Cruz -- Culto -- Desmitización -- Dios -- Ecumenismo -- Evolución -- Existencia cristiana -- Fe -- Gloria -- Gracia -- Hermenéutica -- Historia de la salvación -- Hombre -- Humanismo -- Iglesia -- Indefectibilidad de la iglesia -- Iniciación cristiana -- Inmortalidad -- Jesucristo -- Laico -- Lenguaje -- Liberación -- Libro sagrado -- Mal -- María -- Mariología.
526 _aSEG44
526 _aSEG26
526 _aP151
526 _aP150
526 _aP149
526 _aP146
526 _aP145
526 _aP126
526 _aP125
526 _aP92
526 _aP75
526 _aP74
526 _aP27
526 _aP15
650 0 4 _aTeología
_vDiccionarios.
_94655
700 1 _aDianich, Severino,
_eautor.
910 _ajck
_bjvq
_cjck
942 _2ddc
_cBOOK
949 _aRC 230.3 B23
_wDEWEY
_c1
_i39723
_lCCODEBUL1
_mBUL
_r0
_sY
_tBOOK
_u2015-6-16
_xTEOLOGIA
_zUNKNOWN
_0COMPRA
_o.CIRCNOTE. No olvidar cambiar la fecha de devolución!!!!!!!
_o.STAFF. Colección General
994 _aC0
_bPEPRU
596 _a1
999 _aRC 230.3 B23
_wDEWEY
_c57374
_i39723
_f2021-11-8
_g6
_lCCODEBUL1
_mBUL
_r1
_sY
_tBOOK
_u2015-6-16
_xTEOLOGIA
_zUNKNOWN
_0COMPRA
_o.CIRCNOTE. No olvidar cambiar la fecha de devolución!!!!!!!
_o.STAFF. Colección General
_d57374
980 _81
_gALBERTO SANCHEZ Responsable de Automatización